[Event "2. Copenhagen Open Politiken Cup"]
[Site "Brndby"]
[Date "1980.??.??"]
[Round "2"]
[White "Plachetka, Jan"]
[Black "Hvenekilde, Jorgen"]
[Result "0-1"]
[WhiteElo "2480"]
[BlackElo "2235"]
[PlyCount "94"]
[EventDate "1980.??.??"]
[EventType "swiss"]
[EventRounds "10"]
[EventCountry "DEN"]
[SourceDate "2004.01.01"]

1. Nf3 Nf6 2. c4 e6 3. g3 d5 4. Bg2 Be7 5. O-O O-O 6. d4 Ne4 7. Qc2 c6 8. b3
Bd7 9. Bb2 Be8 10. Ne1 f5 11. Nd3 Nd7 12. f3 Nd6 13. Nd2 g5 14. e4 Bg6 15. Ne5
Nxe5 16. dxe5 Ne8 17. exd5 f4 18. Qc3 cxd5 19. c5 a5 20. a3 Nc7 21. b4 Nb5 22.
Qb3 a4 23. Qa2 b6 24. Bh3 Bf5 25. Bxf5 Rxf5 26. c6 Rc8 27. Rac1 Na7 28. b5 Nxb5
29. Ne4 Rf7 30. Nf6+ Kh8 31. gxf4 gxf4 32. Kh1 Bc5 33. Rcd1 Rg7 34. Ba1 Rxc6
35. Qc4 Nxa3 36. Qxa4 Rc8 37. Qxf4 Nc2 38. Qh6 Qf8 39. Qh3 Qf7 40. Rxd5 Ne3 41.
Rxc5 bxc5 42. Rc1 Rd8 43. Qh4 Qb7 44. Ne4 Rf8 45. Qh3 Qb3 46. Nf6 Rd8 47. Rg1
Rd1 0-1

[Event "2. Copenhagen Open Politiken Cup"]
[Site "Brndby"]
[Date "1980.??.??"]
[Round "2"]
[White "Pokojowczyk, Jerzy"]
[Black "Jensen, Vagn"]
[Result "0-1"]
[WhiteElo "2380"]
[BlackElo "2235"]
[PlyCount "80"]
[EventDate "1980.??.??"]
[EventType "swiss"]
[EventRounds "10"]
[EventCountry "DEN"]
[SourceDate "2004.01.01"]

1. e4 e5 2. Nf3 Nc6 3. Bb5 f5 4. Nc3 Nd4 5. exf5 c6 6. Be2 d5 7. Nxe5 Bxf5 8.
d3 Qc7 9. Nf3 Nxf3+ 10. Bxf3 Bd6 11. Be3 Nf6 12. h3 O-O-O 13. Qd2 Rhe8 14.
O-O-O Bb4 15. Bd4 c5 16. Bxf6 gxf6 17. a3 Ba5 18. Kb1 d4 19. Nb5 Qb6 20. Qf4
Be6 21. a4 a6 22. Na3 Bc3 23. Qc1 Qb4 24. Nc4 Bxc4 25. dxc4 Rd6 26. b3 d3 27.
Ka2 d2 28. Qa3 Re1 29. a5 Qxa3+ 30. Kxa3 Kc7 31. b4 cxb4+ 32. Kb3 Rde6 33. g3
Kd6 34. Bxb7 Kc5 35. Bf3 R6e5 36. Bb7 Kd4 37. Rhxe1 Rxe1 38. Bf3 Re5 39. Ka4
Rxa5+ 40. Kxa5 b3+ 0-1

[Event "2. Copenhagen Open Politiken Cup"]
[Site "Brndby"]
[Date "1980.??.??"]
[Round "2"]
[White "Rayner, Francis"]
[Black "Fuglsang, Flemming"]
[Result "1-0"]
[WhiteElo "2370"]
[BlackElo "2205"]
[PlyCount "107"]
[EventDate "1980.??.??"]
[EventType "swiss"]
[EventRounds "10"]
[EventCountry "DEN"]
[SourceDate "2004.01.01"]

1. e4 c5 2. Nf3 Nc6 3. d4 cxd4 4. Nxd4 Nf6 5. Nc3 d6 6. Bg5 Bd7 7. Qd2 Nxd4 8.
Qxd4 Qa5 9. Bd2 e5 10. Qd3 Rc8 11. f3 a6 12. g4 h6 13. a3 Qc7 14. h4 Be6 15.
Be3 Be7 16. Qd2 Qc6 17. Rd1 b5 18. Rh2 Qb7 19. g5 Nh5 20. Nd5 Bxd5 21. exd5
hxg5 22. hxg5 g6 23. Bh3 Rb8 24. Bg4 b4 25. axb4 Qxb4 26. Qxb4 Rxb4 27. c3 Ra4
28. Kd2 f5 29. gxf6 Bxf6 30. Rdh1 Ra5 31. Be6 Rh7 32. Rg1 Rb7 33. Kd3 Rg7 34.
Bh6 Nf4+ 35. Bxf4 exf4 36. Rh6 Be5 37. Rgxg6 Rxg6 38. Rxg6 Ra2 39. Rg8+ Ke7 40.
Rb8 a5 41. Ke4 Kf6 42. Rf8+ Kg7 43. Rg8+ Kf6 44. Rf8+ Kg7 45. Rb8 a4 46. Kf5 a3
47. Rb7+ Kf8 48. bxa3 Rxa3 49. c4 Rxf3 50. c5 Rc3 51. c6 f3 52. Kg6 Ke8 53.
Rb8+ Ke7 54. Bd7 1-0

[Event "2. Copenhagen Open Politiken Cup"]
[Site "Brndby"]
[Date "1980.??.??"]
[Round "2"]
[White "Roth, Rolf"]
[Black "Auchenberg, Per"]
[Result "1/2-1/2"]
[WhiteElo "2380"]
[BlackElo "2215"]
[PlyCount "56"]
[EventDate "1980.??.??"]
[EventType "swiss"]
[EventRounds "10"]
[EventCountry "DEN"]
[SourceDate "2004.01.01"]

1. Nf3 f5 2. c4 Nf6 3. g3 g6 4. b3 Bg7 5. Bb2 O-O 6. Bg2 d6 7. d4 c6 8. O-O a5
9. Nc3 Na6 10. Qd2 Bd7 11. Rad1 Qc7 12. d5 Nc5 13. Nd4 Rad8 14. Ba3 Nfe4 15.
Nxe4 Nxe4 16. Bxe4 fxe4 17. Qe3 c5 18. Ne6 Bxe6 19. dxe6 Qc8 20. Qxe4 Rf6 21.
Qd5 Rf5 22. Qd2 b6 23. e4 Re5 24. f3 Qxe6 25. Bb2 Rh5 26. Bxg7 Kxg7 27. Qc3+
Qe5 28. Qe3 Qe6 1/2-1/2

[Event "2. Copenhagen Open Politiken Cup"]
[Site "Brndby"]
[Date "1980.??.??"]
[Round "3"]
[White "Csom, Istvan"]
[Black "Brinck Claussen, Bjorn"]
[Result "1-0"]
[WhiteElo "2510"]
[BlackElo "2370"]
[PlyCount "91"]
[EventDate "1980.??.??"]
[EventType "swiss"]
[EventRounds "10"]
[EventCountry "DEN"]
[SourceDate "2004.01.01"]

1. Nf3 Nf6 2. g3 d5 3. Bg2 c6 4. b3 Bg4 5. Bb2 Nbd7 6. O-O e6 7. d4 Be7 8. c4
O-O 9. Nc3 Qb8 10. Re1 b5 11. c5 b4 12. Na4 Ne4 13. Rf1 f5 14. Bc1 Qb5 15. Qc2
Bf6 16. Bb2 Ng5 17. Nxg5 Bxg5 18. e3 Rf6 19. Qd2 Raf8 20. Rfe1 Qb8 21. a3 bxa3
22. Rxa3 Rh6 23. Bc3 Qe8 24. f4 Bd8 25. Nb2 Qh5 26. Bh1 Nf6 27. Nd3 Bc7 28.
Rxa7 Bb8 29. Ra8 Ne4 30. Bxe4 fxe4 31. Nb4 Bf3 32. Nxc6 Qh3 33. Qf2 e5 34. Nxe5
Bxe5 35. Rxf8+ Kxf8 36. dxe5 Rg6 37. Ra1 h5 38. Ra8+ Kf7 39. f5 Qxf5 40. Qa2
Re6 41. Ra6 Qg5 42. Bd4 h4 43. Rxe6 hxg3 44. h3 g2 45. Qa7+ Kxe6 46. c6 1-0

[Event "2. Copenhagen Open Politiken Cup"]
[Site "Brndby"]
[Date "1980.??.??"]
[Round "3"]
[White "Eriksen, Soren"]
[Black "Angantysson, Haukur"]
[Result "0-1"]
[WhiteElo "2210"]
[BlackElo "2425"]
[PlyCount "63"]
[EventDate "1980.??.??"]
[EventType "swiss"]
[EventRounds "10"]
[EventCountry "DEN"]
[SourceDate "2004.01.01"]

1. c4 e5 2. Nc3 Nf6 3. g3 c6 4. Bg2 Bb4 5. Nf3 e4 6. Nd4 Qe7 7. Nc2 Ba5 8. O-O
O-O 9. d4 d5 10. cxd5 cxd5 11. Bd2 Nc6 12. a3 h6 13. Na2 Bb6 14. Bc3 Be6 15.
Qd2 Ne8 16. Ncb4 a5 17. Nxc6 bxc6 18. Rfc1 Nd6 19. b3 f5 20. a4 g5 21. Bb2 f4
22. Ba3 Bc7 23. Qc3 Bd7 24. b4 e3 25. fxe3 fxg3 26. hxg3 Ne4 27. Bxe4 dxe4 28.
b5 Qe6 29. d5 Qh3 30. d6 Qxg3+ 31. Kh1 Qh3+ 32. Kg1 0-1

[Event "2. Copenhagen Open Politiken Cup"]
[Site "Brndby"]
[Date "1980.??.??"]
[Round "3"]
[White "Finnlaugsson, Gunnar"]
[Black "Jahr, Ulrich"]
[Result "0-1"]
[WhiteElo "2275"]
[BlackElo "2280"]
[PlyCount "112"]
[EventDate "1980.??.??"]
[EventType "swiss"]
[EventRounds "10"]
[EventCountry "DEN"]
[SourceDate "2004.01.01"]

1. e4 e6 2. d4 d5 3. Nc3 Bb4 4. e5 c5 5. a3 Bxc3+ 6. bxc3 Ne7 7. Nf3 Nbc6 8.
Be2 Qa5 9. Bd2 c4 10. Ng5 Bd7 11. O-O h6 12. Nh3 O-O-O 13. a4 f6 14. f4 f5 15.
Qe1 Rdg8 16. Bc1 Kb8 17. Qd2 Nc8 18. Ba3 g5 19. Kh1 g4 20. Ng1 Qd8 21. Rfb1 Ka8
22. Qc1 Rh7 23. Qb2 Be8 24. a5 Nxa5 25. Bc5 Nc6 26. Bf1 b6 27. Ra6 Rb7 28. Ne2
Rgg7 29. Bb4 Kb8 30. Qa3 Ka8 31. Bf8 Rh7 32. Bb4 Nxb4 33. Qxb4 Ne7 34. Qb2 Nc6
35. Raa1 Rhg7 36. Kg1 Kb8 37. Ng3 Kc8 38. Be2 h5 39. Nf1 Kd7 40. Ne3 Ke7 41.
Rd1 Kf8 42. Ra2 Na5 43. Qa1 Kg8 44. Rb1 Nc6 45. Rab2 a5 46. Qa2 b5 47. Nxc4
dxc4 48. Bxc4 Nxd4 49. cxd4 Qxd4+ 50. Kh1 bxc4 51. c3 Qxc3 52. Rc2 Qd3 53. Rbc1
Bc6 54. Rxc4 Rgd7 55. Qa1 Bxg2+ 56. Kxg2 Qe2+ 0-1

[Event "2. Copenhagen Open Politiken Cup"]
[Site "Brndby"]
[Date "1980.??.??"]
[Round "3"]
[White "Fries Nielsen, Jens Ove"]
[Black "Fedder, Steen"]
[Result "1/2-1/2"]
[WhiteElo "2355"]
[BlackElo "2410"]
[PlyCount "41"]
[EventDate "1980.??.??"]
[EventType "swiss"]
[EventRounds "10"]
[EventCountry "DEN"]
[SourceDate "2004.01.01"]

1. c4 Nf6 2. d4 g6 3. Nc3 Bg7 4. e4 d6 5. f4 c5 6. d5 O-O 7. Nf3 e6 8. dxe6
fxe6 9. Bd3 Nc6 10. O-O Nd4 11. Ng5 Bd7 12. e5 Ne8 13. Nxh7 Kxh7 14. Qh5+ Kg8
15. Bxg6 Rf5 16. Qh7+ Kf8 17. g4 dxe5 18. gxf5 Nf6 19. Qh4 e4 20. fxe6 Bxe6 21.
Qg5 1/2-1/2

[Event "2. Copenhagen Open Politiken Cup"]
[Site "Brndby"]
[Date "1980.??.??"]
[Round "3"]
[White "Fuglsang, Flemming"]
[Black "Holm, Sejer"]
[Result "0-1"]
[WhiteElo "2205"]
[BlackElo "2395"]
[PlyCount "92"]
[EventDate "1980.??.??"]
[EventType "swiss"]
[EventRounds "10"]
[EventCountry "DEN"]
[SourceDate "2004.01.01"]

1. d4 Nf6 2. Nf3 c5 3. e3 g6 4. c3 Bg7 5. Be2 O-O 6. O-O d5 7. Nbd2 b6 8. Ne5
Bb7 9. b3 Nbd7 10. f4 Qc7 11. Bb2 Rad8 12. Qe1 Ne4 13. Nxe4 dxe4 14. Qg3 Nb8
15. Rad1 f6 16. Bc4+ Bd5 17. dxc5 Bxc4 18. Nxc4 b5 19. Nd2 f5 20. b4 Nc6 21.
Nb3 e5 22. Qf2 a5 23. a3 Qf7 24. Qc2 Qc4 25. Nd2 Qd3 26. Qb3+ Kh8 27. c4 exf4
28. Bxg7+ Kxg7 29. exf4 bxc4 30. Qxc4 Qe3+ 31. Rf2 axb4 32. axb4 Rd3 33. Kf1
Rfd8 34. Re1 Qd4 35. b5 e3 36. bxc6 exf2 37. Re7+ Kh6 38. Qxd4 R3xd4 39. c7 Ra8
40. Nf3 Rxf4 41. Rd7 Rc4 42. Kxf2 Rxc5 43. Nd4 Ra2+ 44. Kg3 Rc3+ 45. Kf4 Rxg2
46. Ne6 Re2 0-1

[Event "2. Copenhagen Open Politiken Cup"]
[Site "Brndby"]
[Date "1980.??.??"]
[Round "3"]
[White "Hansson, Dan"]
[Black "Bednarski, Jacek"]
[Result "1-0"]
[WhiteElo "2300"]
[BlackElo "2385"]
[PlyCount "80"]
[EventDate "1980.??.??"]
[EventType "swiss"]
[EventRounds "10"]
[EventCountry "DEN"]
[SourceDate "2004.01.01"]

1. e4 e5 2. Nf3 Nc6 3. Bb5 Nf6 4. O-O Nxe4 5. d4 Be7 6. Qe2 Nd6 7. Bxc6 bxc6 8.
dxe5 Nb7 9. c4 O-O 10. Nc3 f6 11. Bd2 Nc5 12. Ne4 Ne6 13. Rad1 fxe5 14. Bc3 c5
15. Nxe5 Qe8 16. Nd3 Ba6 17. b3 Rd8 18. Qe3 Qh5 19. Ng3 Qf7 20. Ne5 Qe8 21.
Rfe1 Bg5 22. Qe4 Rf4 23. Qc2 Bb7 24. Nd3 Rf8 25. Nxc5 Nxc5 26. Rxe8 Rdxe8 27.
Bd2 Bf6 28. Be3 d6 29. b4 Ne4 30. Nxe4 Bxe4 31. Qa4 Be5 32. Qb3 Kh8 33. Bxa7
Rf6 34. f3 Bc6 35. Bd4 Rg6 36. b5 Bb7 37. c5 h6 38. c6 Bc8 39. Qf7 Bxd4+ 40.
Rxd4 Rge6 1-0

[Event "2. Copenhagen Open Politiken Cup"]
[Site "Brndby"]
[Date "1980.??.??"]
[Round "3"]
[White "Horvath, Tamas"]
[Black "Jakobsen, Ole"]
[Result "1/2-1/2"]
[WhiteElo "2350"]
[BlackElo "2410"]
[PlyCount "42"]
[EventDate "1980.??.??"]
[EventType "swiss"]
[EventRounds "10"]
[EventCountry "DEN"]
[SourceDate "2004.01.01"]

1. e4 c5 2. Nf3 d6 3. d4 cxd4 4. Nxd4 Nf6 5. Nc3 a6 6. Be2 e5 7. Nb3 Be7 8. O-O
Be6 9. a4 Nbd7 10. Be3 O-O 11. a5 Rc8 12. f3 Qc7 13. Qd2 Rfd8 14. Rfd1 d5 15.
exd5 Nxd5 16. Nxd5 Bxd5 17. Qxd5 Nf6 18. Qc4 Rxd1+ 19. Rxd1 Qxc4 20. Bxc4 Rxc4
21. c3 Kf8 1/2-1/2

[Event "2. Copenhagen Open Politiken Cup"]
[Site "Brndby"]
[Date "1980.??.??"]
[Round "3"]
[White "Hvenekilde, Jorgen"]
[Black "Morris, Walter"]
[Result "0-1"]
[WhiteElo "2235"]
[BlackElo "2380"]
[PlyCount "86"]
[EventDate "1980.??.??"]
[EventType "swiss"]
[EventRounds "10"]
[EventCountry "DEN"]
[SourceDate "2004.01.01"]

1. e4 c5 2. Nf3 d6 3. c3 Nf6 4. Be2 e6 5. O-O Be7 6. Re1 O-O 7. Bf1 b6 8. d4
Bb7 9. Nbd2 Nc6 10. a3 a5 11. Bd3 Ba6 12. Nf1 Bxd3 13. Qxd3 d5 14. Ng3 dxe4 15.
Nxe4 cxd4 16. cxd4 Nxe4 17. Qxe4 Rc8 18. Bf4 Bf6 19. Be5 Nxe5 20. dxe5 Be7 21.
Rad1 Qc7 22. h4 h6 23. Re2 Rfd8 24. Red2 Rxd2 25. Rxd2 b5 26. a4 Bb4 27. Rd3
bxa4 28. Kh2 Qb6 29. Rd7 Qxf2 30. Rxf7 Kxf7 31. Qb7+ Be7 32. Qxc8 Qxb2 33. Qd7
Qb3 34. Qd2 Qb4 35. Qf2 Kg8 36. Kh3 a3 37. Qc2 a4 38. g3 Qb3 39. Qc8+ Kf7 40.
Nd4 Qd5 41. Qc3 a2 42. Nc2 Qh1+ 43. Kg4 Qe4+ 0-1

[Event "2. Copenhagen Open Politiken Cup"]
[Site "Brndby"]
[Date "1980.??.??"]
[Round "3"]
[White "Iskov, Gert"]
[Black "Smyslov, Vassily"]
[Result "1/2-1/2"]
[WhiteElo "2400"]
[BlackElo "2550"]
[PlyCount "46"]
[EventDate "1980.??.??"]
[EventType "swiss"]
[EventRounds "10"]
[EventCountry "DEN"]
[SourceDate "2004.01.01"]

1. e4 e5 2. Nf3 Nc6 3. Bb5 a6 4. Bxc6 dxc6 5. O-O f6 6. d4 Bg4 7. dxe5 Qxd1 8.
Rxd1 Bxf3 9. gxf3 fxe5 10. Be3 Nf6 11. Nd2 O-O-O 12. Nc4 Re8 13. Rd3 Re6 14.
Kf1 Be7 15. Ke2 Nh5 16. Rg1 Rf8 17. Rdd1 g6 18. Rg4 b6 19. Bh6 Rf7 20. Be3 a5
21. a4 Bf6 22. Rgg1 Bg7 23. Rd2 Bf6 1/2-1/2

[Event "2. Copenhagen Open Politiken Cup"]
[Site "Brndby"]
[Date "1980.??.??"]
[Round "3"]
[White "Jensen, Vagn"]
[Black "Roth, Rolf"]
[Result "1-0"]
[WhiteElo "2235"]
[BlackElo "2380"]
[PlyCount "81"]
[EventDate "1980.??.??"]
[EventType "swiss"]
[EventRounds "10"]
[EventCountry "DEN"]
[SourceDate "2004.01.01"]

1. e4 c5 2. d4 cxd4 3. c3 d5 4. exd5 Qxd5 5. cxd4 Nc6 6. Nc3 Qxd4 7. Bd2 Nf6 8.
Nf3 Qd8 9. Bc4 e6 10. Qe2 Be7 11. O-O-O Bd7 12. g4 O-O 13. g5 Nd5 14. Qe4 Rc8
15. Kb1 b5 16. Bxb5 Qb6 17. Bc4 Ncb4 18. Ne5 Bc6 19. Qg4 Nxc3+ 20. Bxc3 Bxh1
21. g6 Rxc4 22. gxh7+ Kh8 23. Nxc4 Be4+ 24. Qxe4 Qxf2 25. Ne3 a5 26. a3 Bg5 27.
axb4 Qxe3 28. Qxe3 Bxe3 29. bxa5 Kxh7 30. Rd7 Kg6 31. Kc2 Rh8 32. b4 Rxh2+ 33.
Kb3 e5 34. Bxe5 Rh3 35. Bc3 Bf2 36. Kc4 Rh4+ 37. Kb3 f6 38. a6 Rh3 39. a7 Rh8
40. Bd4 Bxd4 41. Rxd4 1-0

[Event "2. Copenhagen Open Politiken Cup"]
[Site "Brndby"]
[Date "1980.??.??"]
[Round "3"]
[White "Larsen, Ernst"]
[Black "Kovacs, Laszlo"]
[Result "1/2-1/2"]
[WhiteElo "2200"]
[BlackElo "2340"]
[PlyCount "64"]
[EventDate "1980.??.??"]
[EventType "swiss"]
[EventRounds "10"]
[EventCountry "DEN"]
[SourceDate "2004.01.01"]

1. d4 Nf6 2. c4 e6 3. Nf3 c5 4. e3 b6 5. Nc3 Bb7 6. Bd3 d5 7. O-O cxd4 8. exd4
dxc4 9. Bxc4 Be7 10. Bg5 O-O 11. Qe2 Nc6 12. Rad1 Nd5 13. Bd2 Bf6 14. Bxd5 exd5
15. Be3 Re8 16. Qb5 Na5 17. b3 Rc8 18. Qd3 Nc6 19. Rfe1 Nb4 20. Qd2 Ba6 21. Bg5
Rxe1+ 22. Rxe1 Bxg5 23. Nxg5 h6 24. Nf3 Qc7 25. Nb5 Bxb5 26. Qxb4 Bd3 27. h3
Be4 28. Ne5 f6 29. Ng4 a5 30. Qd2 Qd6 31. Rc1 Re8 32. Qc3 Qf4 1/2-1/2

[Event "2. Copenhagen Open Politiken Cup"]
[Site "Brndby"]
[Date "1980.??.??"]
[Round "3"]
[White "Mikhalchishin, Adrian"]
[Black "Hoi, Carsten"]
[Result "1-0"]
[WhiteElo "2490"]
[BlackElo "2410"]
[PlyCount "63"]
[EventDate "1980.??.??"]
[EventType "swiss"]
[EventRounds "10"]
[EventCountry "DEN"]
[SourceDate "2004.01.01"]

1. Nf3 d6 2. d4 g6 3. g3 Bg7 4. Bg2 Nf6 5. O-O O-O 6. c4 c6 7. Nc3 a6 8. e4 Bg4
9. h3 Bxf3 10. Qxf3 Nbd7 11. Qe2 Qc7 12. Be3 b5 13. Rac1 b4 14. Na4 e5 15. dxe5
Nxe5 16. c5 d5 17. exd5 Nxd5 18. Nb6 Rad8 19. Nxd5 cxd5 20. Qxa6 Nc4 21. Bf4
Qxc5 22. b3 Ra8 23. Qb7 Ra7 24. Qxd5 Qxd5 25. Bxd5 Nb2 26. Rc2 Rd8 27. Bg5 Re8
28. Rfc1 Bc3 29. a4 Kg7 30. Bc6 Re6 31. Bb5 f6 32. Bd2 1-0

[Event "2. Copenhagen Open Politiken Cup"]
[Site "Brndby"]
[Date "1980.??.??"]
[Round "3"]
[White "Plachetka, Jan"]
[Black "Ravikumar, Vaidyanathan"]
[Result "1-0"]
[WhiteElo "2480"]
[BlackElo "2305"]
[PlyCount "73"]
[EventDate "1980.??.??"]
[EventType "swiss"]
[EventRounds "10"]
[EventCountry "DEN"]
[SourceDate "2004.01.01"]

1. e4 c5 2. Nf3 e6 3. d4 cxd4 4. Nxd4 a6 5. Bd3 Nf6 6. O-O d6 7. c4 Be7 8. Nc3
O-O 9. b3 b6 10. Bb2 Bb7 11. Qe2 Nbd7 12. Rad1 Qc7 13. Bb1 Rfe8 14. f4 Rac8 15.
Nf3 Bf8 16. Kh1 Bc6 17. e5 Bxf3 18. Rxf3 dxe5 19. fxe5 Ng4 20. Rxf7 Kxf7 21.
Qxg4 g6 22. Ne4 Nc5 23. Nf6 Red8 24. Rf1 Kg7 25. Nxh7 Nd3 26. Nxf8 Rxf8 27.
Rxf8 Rxf8 28. Bxd3 Qf7 29. h4 Rd8 30. Be4 Rd2 31. Bc1 Qf1+ 32. Kh2 Qxc1 33.
Qxg6+ Kf8 34. Qf6+ Kg8 35. Qxe6+ Kg7 36. Qf6+ Kg8 37. e6 1-0

[Event "2. Copenhagen Open Politiken Cup"]
[Site "Brndby"]
[Date "1980.??.??"]
[Round "3"]
[White "Pokojowczyk, Jerzy"]
[Black "Jensen, Allan Astrup"]
[Result "1-0"]
[WhiteElo "2380"]
[BlackElo "2245"]
[PlyCount "89"]
[EventDate "1980.??.??"]
[EventType "swiss"]
[EventRounds "10"]
[EventCountry "DEN"]
[SourceDate "2004.01.01"]

1. d4 d5 2. c4 e6 3. Nf3 c5 4. e3 Nf6 5. Nc3 Nc6 6. cxd5 exd5 7. Be2 cxd4 8.
Nxd4 Bc5 9. O-O O-O 10. Nf3 a6 11. Qc2 Qe7 12. Rd1 Rd8 13. Nd4 Ba7 14. Nxc6
bxc6 15. Bf3 Bg4 16. Bxg4 Nxg4 17. Qf5 Nf6 18. Bd2 Rab8 19. b3 c5 20. Rac1 d4
21. Na4 Rd5 22. Qf3 Qd7 23. e4 Rh5 24. Bf4 Re8 25. e5 Rexe5 26. Bxe5 Rxe5 27.
Re1 Rd5 28. Nb2 d3 29. Nxd3 Bb8 30. Nf4 Rf5 31. Rcd1 Qc7 32. Qd3 g6 33. Qd8+
Kg7 34. Qxc7 Bxc7 35. Nd3 Rd5 36. Nb2 Rf5 37. Nd3 Rd5 38. h3 Ba5 39. Re5 Rd7
40. Rxc5 Bb6 41. Rc2 Ne4 42. Nb2 Re7 43. Kf1 f5 44. Rdc1 f4 45. Na4 1-0

[Event "2. Copenhagen Open Politiken Cup"]
[Site "Brndby"]
[Date "1980.??.??"]
[Round "3"]
[White "Poulsen, Allan"]
[Black "Mortensen, Erling"]
[Result "1/2-1/2"]
[WhiteElo "2350"]
[BlackElo "2400"]
[PlyCount "72"]
[EventDate "1980.??.??"]
[EventType "swiss"]
[EventRounds "10"]
[EventCountry "DEN"]
[SourceDate "2004.01.01"]

1. Nf3 Nf6 2. g3 g6 3. Bg2 Bg7 4. O-O O-O 5. c4 d5 6. cxd5 Nxd5 7. d4 Nc6 8. e4
Nb6 9. d5 Na5 10. Nc3 c6 11. Re1 Re8 12. Bg5 h6 13. Be3 cxd5 14. Bxb6 axb6 15.
exd5 Nc4 16. Qb3 Nd6 17. Rad1 Ra5 18. Nd4 Bd7 19. Bf1 Qc7 20. Ndb5 Bxb5 21.
Nxb5 Qd7 22. a4 Rc8 23. Nxd6 Qxd6 24. Bb5 Raa8 25. Qe3 Rc7 26. b3 Bc3 27. Re2
Kg7 28. Bc4 Bf6 29. Rd3 h5 30. f4 Qb4 31. Qe4 Rxa4 32. bxa4 Rxc4 33. Qf3 h4 34.
Kg2 Qc5 35. Re4 Rc2+ 36. Re2 Rc4 1/2-1/2

[Event "2. Copenhagen Open Politiken Cup"]
[Site "Brndby"]
[Date "1980.??.??"]
[Round "3"]
[White "Welin, Thomas"]
[Black "Jacobsen, Bo"]
[Result "1-0"]
[WhiteElo "2215"]
[BlackElo "2370"]
[PlyCount "51"]
[EventDate "1980.??.??"]
[EventType "swiss"]
[EventRounds "10"]
[EventCountry "DEN"]
[SourceDate "2004.01.01"]

1. c4 g6 2. e4 c5 3. Nf3 Bg7 4. d4 Nc6 5. d5 Nd4 6. Nxd4 cxd4 7. Bd3 e5 8. dxe6
dxe6 9. O-O e5 10. f4 exf4 11. Bxf4 Ne7 12. Nd2 Nc6 13. c5 O-O 14. Bd6 Re8 15.
Qb3 Be6 16. Qxb7 Ne5 17. Bb5 Rf8 18. Nf3 Ng4 19. e5 Qa5 20. a3 Ne3 21. Bc7 Bd5
22. c6 Rab8 23. Bxb8 Qd8 24. Bc7 Qe7 25. Bd6 Qe6 26. Qd7 1-0

[Event "2. Copenhagen Open Politiken Cup"]
[Site "Brndby"]
[Date "1980.??.??"]
[Round "3"]
[White "Akesson, Ralf"]
[Black "Mestel, Jonathan"]
[Result "0-1"]
[WhiteElo "2230"]
[BlackElo "2485"]
[PlyCount "108"]
[EventDate "1980.??.??"]
[EventType "swiss"]
[EventRounds "10"]
[EventCountry "DEN"]
[SourceDate "2004.01.01"]

1. c4 c5 2. Nf3 Nf6 3. Nc3 d6 4. d4 cxd4 5. Nxd4 b6 6. e4 Bb7 7. Bd3 e6 8. O-O
Nbd7 9. Qe2 Be7 10. b3 O-O 11. Bb2 Re8 12. Rad1 a6 13. Bb1 Qb8 14. f4 Bf8 15.
Kh1 Ra7 16. Nf3 Bc6 17. e5 Bxf3 18. Rxf3 dxe5 19. Rh3 exf4 20. Nd5 exd5 21.
Bxh7+ Nxh7 22. Qh5 f5 23. Qxh7+ Kf7 24. Qxf5+ Nf6 25. Bxf6 Qc8 26. Qg5 Re3 27.
Rh7 Qe6 28. Bd4 Re1+ 29. Rxe1 Qxe1+ 30. Bg1 Qe4 31. Qh5+ Ke6 32. cxd5+ Kd6 33.
Rh8 g6 34. Qh3 Bg7 35. Rd8+ Ke7 36. Qc8 Kf7 37. Qb8 Re7 38. Qxb6 f3 39. Qf2 Bd4
40. Qf1 Bxg1 41. d6 Re6 42. Qxf3+ Qxf3 43. gxf3 Bc5 44. d7 Ke7 45. Rc8 Bb6 46.
Kg2 Kxd7 47. Rc2 Re1 48. Kg3 Bc7+ 49. Kg2 Bd6 50. Rd2 Ke6 51. Rc2 Rd1 52. Re2+
Kf5 53. Rc2 Bb4 54. Kg3 Rd2 0-1

[Event "2. Copenhagen Open Politiken Cup"]
[Site "Brndby"]
[Date "1980.??.??"]
[Round "4"]
[White "Angantysson, Haukur"]
[Black "Hvenekilde, Jorgen"]
[Result "1/2-1/2"]
[WhiteElo "2425"]
[BlackElo "2235"]
[PlyCount "54"]
[EventDate "1980.??.??"]
[EventType "swiss"]
[EventRounds "10"]
[EventCountry "DEN"]
[SourceDate "2004.01.01"]

1. e4 e5 2. Nf3 d6 3. Bc4 Nc6 4. d4 exd4 5. Nxd4 g6 6. O-O Bg7 7. Be3 Nf6 8. f3
O-O 9. Nc3 Ne5 10. Be2 d5 11. Bg5 dxe4 12. Nxe4 h6 13. Nxf6+ Bxf6 14. Be3 Re8
15. Bf2 Bd7 16. c3 a6 17. Qd2 Nc6 18. Bc4 Nxd4 19. cxd4 Be6 20. b3 c5 21. Bxe6
Rxe6 22. Rad1 Bxd4 23. Bxd4 Qxd4+ 24. Qxd4 cxd4 25. Rxd4 Re2 26. Rf2 Re1+ 27.
Rf1 Re2 1/2-1/2

[Event "2. Copenhagen Open Politiken Cup"]
[Site "Brndby"]
[Date "1980.??.??"]
[Round "4"]
[White "Bednarski, Jacek"]
[Black "Auchenberg, Per"]
[Result "1-0"]
[WhiteElo "2385"]
[BlackElo "2215"]
[PlyCount "45"]
[EventDate "1980.??.??"]
[EventType "swiss"]
[EventRounds "10"]
[EventCountry "DEN"]
[SourceDate "2004.01.01"]

1. e4 c5 2. Nf3 Nc6 3. Bb5 Qb6 4. Nc3 e6 5. Bxc6 Qxc6 6. d4 d6 7. O-O cxd4 8.
Nxd4 Qc7 9. Ndb5 Qb8 10. Bf4 e5 11. Nd5 exf4 12. Ndc7+ Kd8 13. Nxa8 Qxa8 14.
Nxd6 Bxd6 15. Qxd6+ Ke8 16. Rad1 Be6 17. Rd2 Ne7 18. Rfd1 Nc6 19. b4 b5 20. Qc5
Bc4 21. Rd6 Ne7 22. Qxa7 Qc8 23. Qb6 1-0

[Event "2. Copenhagen Open Politiken Cup"]
[Site "Brndby"]
[Date "1980.??.??"]
[Round "4"]
[White "Bjerring, Kai"]
[Black "Fuglsang, Flemming"]
[Result "1-0"]
[WhiteElo "2330"]
[BlackElo "2205"]
[PlyCount "75"]
[EventDate "1980.??.??"]
[EventType "swiss"]
[EventRounds "10"]
[EventCountry "DEN"]
[SourceDate "2004.01.01"]

1. e4 c5 2. Nf3 Nc6 3. d4 cxd4 4. Nxd4 Nf6 5. Nc3 d6 6. Bg5 Bd7 7. Qd2 Rc8 8.
O-O-O Nxd4 9. Qxd4 Qa5 10. Bd2 e5 11. Qd3 a6 12. Kb1 Qc7 13. Be2 b5 14. a3 Qb7
15. f3 Be6 16. g4 Be7 17. h4 O-O 18. h5 Rc4 19. Qe3 Rd4 20. g5 Nd7 21. Na2 d5
22. c3 Ra4 23. exd5 Bc5 24. Qd3 Bxd5 25. Bc1 Be6 26. Qc2 f5 27. b3 Rxa3 28.
Bxa3 Bxa3 29. b4 a5 30. Rd6 Bd5 31. Rd1 Nb6 32. R6xd5 Nxd5 33. Qb3 Rd8 34. Qxa3
a4 35. c4 bxc4 36. Bxc4 Kf8 37. b5+ Ke8 38. Qc5 1-0

[Event "2. Copenhagen Open Politiken Cup"]
[Site "Brndby"]
[Date "1980.??.??"]
[Round "4"]
[White "Eriksen, Soren"]
[Black "Finnlaugsson, Gunnar"]
[Result "1/2-1/2"]
[WhiteElo "2210"]
[BlackElo "2275"]
[PlyCount "54"]
[EventDate "1980.??.??"]
[EventType "swiss"]
[EventRounds "10"]
[EventCountry "DEN"]
[SourceDate "2004.01.01"]

1. c4 e5 2. Nc3 Nf6 3. g3 c6 4. Bg2 d5 5. d4 exd4 6. Qxd4 dxc4 7. Qxc4 Be6 8.
Qa4 Bc5 9. e3 O-O 10. Nge2 Nbd7 11. O-O Ne5 12. Rd1 Qe7 13. Qc2 Bg4 14. h3 Bh5
15. b3 Rfe8 16. Rf1 Bg6 17. e4 Ned7 18. Bg5 h6 19. Bxf6 Nxf6 20. Nf4 Bh7 21.
Rae1 Bb4 22. Nd3 Rad8 23. Nxb4 Qxb4 24. Re2 Re7 25. Rfe1 Rde8 26. Kh2 Re5 27.
Qb2 Rc5 1/2-1/2